Quiz pays joueuses de tennis - Statistiques

Statistiques générales
  • Ce quiz a été pris 141 fois
  • Le résultat moyen est 14 sur 15
Statistiques - réponses
Hint Réponse % Correct
Sloane Stephens Etats-Unis
100%
Venus Williams Etats-Unis
100%
Cori Gauff Etats-Unis
100%
Caroline Garcia France
99%
Elsa Jacquemot France
99%
Paula Badosa Espagne
98%
Iga Swiatek Pologne
98%
Simona Halep Roumanie
96%
Ashleigh Barty Australie
92%
Eugenie Bouchard Canada
91%
Leylah Annie Fernandez Canada
91%
Emma Raducanu Royaume-Uni
90%
Ana Ivanovic Serbie
88%
Caroline Wozniacki Danemark
69%
Dominika Cibulkova Slovaquie
63%
Aucun quiz correspondant
Distribution des résultats
% des personnes avec chaque résultat
Percentile par nombre de réponses
Votre historique - résultats
Vous n’avez pas pris ce quiz